Macmillan Dictionary of Modern Economics, (Record no. 5923)

MARC details
005 - DATE AND TIME OF LATEST TRANSACTION
control field 20250628093148.0
020 ## - INTERNATIONAL STANDARD BOOK NUMBER
International Standard Book Number 0-333-35173-8
082 ## - DEWEY DECIMAL CLASSIFICATION NUMBER
Classification number 330.0321 PEA
100 ## - MAIN ENTRY--PERSONAL NAME
Author name PEARCE, D.W.
245 ## - TITLE STATEMENT
Title Macmillan Dictionary of Modern Economics,
260 ## - PUBLICATION, DISTRIBUTION, ETC.
Place of publication, distribution, etc. London,
Name of publisher, distributor, etc. Macmillan presses Ltd,
Date of publication, distribution, etc. 1986.
300 ## - PHYSICAL DESCRIPTION
Extent 481p:
Dimensions 23cm.
942 ## - ADDED ENTRY ELEMENTS (KOHA)
Source of classification or shelving scheme Dewey Decimal Classification
Koha item type Books
Holdings
Date last seen Total checkouts Full call number Barcode Cost, replacement price Price effective from Koha item type Lost status Source of classification or shelving scheme Damaged status Not for loan Withdrawn status Home library Current library Shelving location Date acquired Cost, normal purchase price
06/28/2025   330.0321 PEA DOM0002698 75000.00 06/28/2025 Books   Dewey Decimal Classification       CBE Dodoma CBE Dodoma General Collection 01/01/1986 25000.00